Score 0/40 Timer 08:00
2 Plays Today
% Correct
Tomato
90%
Forgiveness
89.6%
Dolphins
89.4%
Fire Department
89%
Another woman
88.5%
Bus
87.4%
Blaming
87.3%
Voices
87.2%
List
86.8%
Hospitality
86.5%
Target
86%
Wrong
86%
Slept
85.7%
Plastic surgeon
85%
Good evening
84.9%
Slinkies
84.5%
Change
83.7%
Passengers
83.6%
Work
83%
Imagination
81.9%
% Correct
Indecisive
81.8%
Bright
81.7%
Book
81.6%
Twice
81.2%
Drunk
80.5%
Pajamas
78.5%
Second
78.2%
Housekeeping
77.4%
Misery
76.5%
Memory
76.4%
Research
75.8%
Democrat
75.1%
Child
74.7%
Whenever
73.1%
Pessimist
72.6%
War
69.9%
Blanks
69%
Diplomat
68.3%
Distort
68.1%
Aim
65.9%

You're not logged in!

Compare scores with friends on all Sporcle quizzes.
OR
Log In

Sporcle TV

Today on Sporcle TV


Watch our educational content, quiz creation guides, and fun videos on Sporcle TV.

Show Comments

Extras

Top Quizzes Today


Score Distribution

Paid Content

Your Account Isn't Verified!

In order to create a playlist on Sporcle, you need to verify the email address you used during registration. Go to your Sporcle Settings to finish the process.

Report this User

Report this user for behavior that violates our Community Guidelines.

Details: